| 000 | 00389nam a22001697a 4500 | ||
|---|---|---|---|
| 020 | _a818204-052-3 | ||
| 082 |
_a650 _bSIN |
||
| 100 | _aSINGH, D.K | ||
| 245 | _aHOSPITALITY SALES AND MARKETING | ||
| 250 | _a1ST | ||
| 260 |
_aDELHI _bAMAN _c2010 |
||
| 300 | _a283 | ||
| 650 | _aHOTEL MARKETING MANAGEMENT | ||
| 653 | _aMARKETING, SALES MANAGEMENT | ||
| 700 | _aBOOK | ||
| 942 |
_2ddc _cBK |
||
| 999 |
_c8014 _d8014 |
||